California quiz Stats

 Plays Quiz not verified by Sporcle

Score 0/25 Timer 10:00
0 Plays Today
Question Answer % Correct
And the other?San Diego
100%
California holds two of the top ten most populous city. What are they?LAX
94.9%
Name one of three Santas on coastal road between LAX and SFOSanta Cruz
82.3%
What's the capital of California?Sacramento
81%
California has the lowest point in North America - where?Death Valley
77.2%
What's California's nickname?The Golden State
69.6%
Name one of the three major riversColorado
69.6%
And who said 'I wish they could all be California Girls'Beach Boys
63.3%
Yorba Linda is home to which presidents libraryRichard Nixon
58.2%
California produces 17 million gallons of what every yearWine
49.4%
Dic and Mac opened the first what in San Bernardino, CaliforniaMcDonald's
46.8%
What is the state mottoEureka
41.8%
What is 265 miles from LAXLAS
32.9%
Question Answer % Correct
The worlds largest outdoor amphitheatre is...Hollywood Bowl
30.4%
More of which bird is raised in California than any other state?Turkey
30.4%
Los Angeles residents are typically called... Angelenos
30.4%
There are 30,000 tons of what grown anually in CaliforniaGrapes
29.1%
Year first motion picture motion theatre opened in LAX1902
21.5%
Raisin capital of the world?Fresno
20.3%
Who said 'these are the girls I love the most!'Snoop Dogg
17.7%
In 1947 they crowned Castroville's first Artichoke Queen. She became a very famous actress. Who was it?Marilyn Monroe
13.9%
The Golden Gate Bridge in San Francisco has enough steel wires in its cables to circle the earth at the equator how many times3.5
11.4%
Which valley is nicknamed The Date Capital of the World and The Playground of Presidents.Coachella
8.9%
Joanne Woodward was the first to personally receive what?Star on Walk of Fame
5.1%
Approximately 8% of Californians are...Vegetarian
0%

You're not logged in!

Compare scores with friends on all Sporcle quizzes.
OR
Log In

Show Comments

Extras

Created Nov 21, 2010ReportNominate
Tags:California

Top Quizzes Today


Score Distribution

Your Account Isn't Verified!

In order to create a playlist on Sporcle, you need to verify the email address you used during registration. Go to your Sporcle Settings to finish the process.

Report this User

Report this user for behavior that violates our Community Guidelines.

Details: